000
00290nam a2200085Ia 4500
245
0
_a
Africatrek : [an American photographer's odyssey through Africa]
100
_a
LAURE, Jason Vlaeberg, South Africa, 2002 1st ed
_9
101821
942
_c
BK
008
210818s9999 xx 000 0 und d
999
_c
441404
_d
441403